000 03772nam a2200649 i 4500
001 nkc20243627777
003 CZ PrNK
005 20260422105812.0
007 ta
008 240830s2024 xr a c 6 000 1 cze
015 _acnb003627777
020 _a978-80-252-5948-1
_q(vázáno) :
_cKč 549,00
035 _a(OCoLC)1505965816
040 _aABG001
_bcze
_dABA001
_erda
041 1 _acze
_hfre
072 7 _a741.52
_xKomiksy. Komiksové adaptace
_2Konspekt
_921
072 7 _a821-93
_xLiteratura pro děti a mládež (beletrie)
_2Konspekt
_926
080 _a741.52(0:82-321.6)
_2MRF
080 _a741.52(0:82-321.5)
_2MRF
080 _a821-93
_2MRF
100 1 _aUderzo, Albert,
_d1927-2020
_7jn20001005640
_4aut
_4ill
_912012
245 1 0 _aAsterix XXIX-XXXII /
_ctext a kresby Albert Uderzo ; z francouzských originálů přeložil Michal Lázňovský
250 _a2. vydání
264 1 _aV Praze :
_bAlicanto,
_c2024
300 _a196 stran :
_bbarevné ilustrace ;
_c30 cm
336 _atext
_btxt
_2rdacontent
336 _astatický obraz
_bsti
_2rdacontent
337 _abez média
_bn
_2rdamedia
338 _asvazek
_bnc
_2rdacarrier
490 1 _aAsterixova dobrodružství
500 _aNad názvem: Goscinny a Uderzo uvádějí Asterixova dobrodružství
505 0 0 _tRůže a meč --
_tObelix a Caesarova galéra --
_tAsterix a Latraviata --
_tGalský školní rok
520 2 _aTři dlouhé kreslené příběhy galského válečníka Asterixe a jeho přátel a čtrnáct krátkých příběhů, které porůznu vycházely časopisecky.
_bV prvním příběhu do galské vesnice přicestuje Maestria - učitelka. Bard Trubadix je pohoršen. Vyučování bylo přece vždycky jen výsadou druidů, případně bardů. Ale Maestria se zdá být pěkně od rány. Vedle klasického vzdělávání se totiž také rozhodla ženám z vesnice osvětlit, co je to rovnoprávnost pohlaví. Ve druhém příběhu skupina otroků ukradla Caesarovu galéru a míří s ní přímo ke břehům Galie. V dalším příběhu se Asterix s Obelixem stanou vlastníky meče a přilby patřící vysokému římskému hodnostáři. Pompeius se lstí pokusí tyto slavné válečné trofeje získat zpět. Poslední část knihy tvoří čtrnáct Asterixových dobrodružství, které byly dosud publikovány jednotlivě v různých časopisech a několik stránek dosud nevydaných stripů Alberta Uderza.
521 8 _aPro čtenáře od 9 let
655 7 _ahistorické komiksy
_7fd1057475
_2czenas
_99242
655 7 _ahumoristické komiksy
_7fd1057480
_2czenas
_99241
655 7 _apublikace pro děti
_7fd133156
_2czenas
655 9 _ahistorical comics
_2eczenas
_99244
655 9 _ahumorous comics
_2eczenas
_99243
655 9 _achildren's literature
_2eczenas
700 1 _aGoscinny, René,
_d1926-1977
_7jn20000602144
_4aut
_91274
700 1 _aLázňovský, Michal,
_d1947-
_7jk01071703
_4trl
_96560
700 1 2 _aUderzo, Albert,
_d1927-2020.
_tRose et le glaive.
_lČesky
_7aun20251253257
_920699
700 1 2 _aUderzo, Albert,
_d1927-2020.
_tGalère d'Obélix.
_lČesky
_7aun20251253259
_920700
700 1 2 _aUderzo, Albert,
_d1927-2020.
_tAstérix et Latraviata.
_lČesky
_7aun20251253261
_920701
700 1 2 _aGoscinny, René,
_d1926-1977.
_tAstérix et la rentrée gauloise.
_lČesky
_7aun20251253263
_920702
787 0 8 _iZ cyklu:
_tAsterixova dobrodružství
830 0 _aAsterixova dobrodružství (Alicanto)
_920703
856 4 1 _uhttps://ndk.cz/uuid/uuid:3005a5a0-ba28-11f0-80f1-5ef3fc9bb22f
_yDigitalizovaný dokument
901 _b9788025259481
_f2. vydání
_o20250224
928 9 _aAlbatros Media - Alicanto
998 _a003627777
910 _aABG508
044 _axr
993 _a382.00
_h549.00
_iTeam Business
_d2026-04-22
_x1076115
999 _c34212
_d34212